000 00630cam a22002173a 4500
001 39974
003 PGUSA
005 20140828083906.0
008 120611s2012||||xxu|||||s|||||000 | eng d
040 _aPGUSA
_beng
042 _adc
100 1 _aHulse, David C.
245 1 0 _aHandbook of Alabama Archaeology :
_bPart I Point Types
_h[electronic resource] /
_cDavid C. Hulse
260 _bProject Gutenberg,
_c2012
506 _aPublic domain in the USA.
516 _aElectronic text
700 1 _aDeJarnette, David L.
830 0 _aProject Gutenberg
_v39974
856 4 0 _uhttp://www.gutenberg.org/ebooks/39974
942 _cEB
999 _c269227
_d269227